000 02069nam a2200241Ia 4500
003 Ost
005 20260507075554.0
008 260507s9999||||xx |||||||||||||| ||und||
020 _a9774080645
040 _cfsecg
041 _aara
082 _a330
100 _aألكسندر، ديقيدسون
_eمؤلف
245 0 _aالمضاربة في البورصة :
_bالعلامات التجارية - التحلبل الفني - المراهنة على القروض المالية /
_c ديقيدسون ألكسندر
260 _aالقاهرة:
_bدار الفاروق للنشر و التوزيع,
_c2006
300 _a352 صفحة؛
_bإيضاحات ؛
_c24 سم
490 _aمهارات الادارة الحديثة
520 _aبعض الحقائق عن المضاربة في البورصة و كيف تختار السمسار المناسب و كيف تصبح متعامد جيد في البورصة؟ و فنون ادارة الاموال و كيفية الاستفادة عن الحسابات المالية و المبادئ الاساسية للتحليل الفني و كيفية اختيار التخطيطات البيانية و كذلك المزيد من اسرار التحليل الفني و المزيد من أشكال التخطيطات البيانية و كيف تستخدم المؤشرات الفنية؟ و كيفية الاستفادة من عنصر المعلومات و مواقف التعامل الخاصة و كيفية استخدام عقود الفرق و كذلك تعاملات المراهنة على الفروق المالية اضافة الى تعاملات شهادات الأسهم المغطاة و كيفية الاستفادة من الخيارات المتداولة و التعامل بنجاح في العقود الآجلة المتداولة و أرقام فينباتشة و موجات اليوت و أخيرا ويليام جان و أساليب التعامل في السوق.
653 _aادارة الاموال
653 _aالبورصة
653 _aالمضاربة
942 _cكتاب
999 _c44943
_d44943